000
00325nam a2200157Ia 4500
100
_a
Apps/E.A
650
_a
General
942
_c
BK
654
_a
Printing Ink
245
_a
Printing Ink Technology
260
_b
Leonard Hill
_a
London
_c
1958
082
_a
667.5
_b
App
300
_a
552
546
_a
ENGLISH
999
_c
33036
_d
33036